LEADER 00910nam a2200253 i 4500 001 991003839729707536 005 20020506105345.0 008 010315s1973 it ||| | ita 035 $ab10561602-39ule_inst 035 $aEXGIL127727$9ExL 040 $aBiblioteca Interfacoltà$bita 082 0 $a851.91 100 1 $aZanzotto, Andrea$0174583 245 10$aPasque /$cAndrea Zanzotto 260 $a[Milano] :$bMondadori,$c1973 300 $a103 p. ;$c20 cm. 440 3$aLo specchio 907 $a.b10561602$b02-04-14$c27-06-02 912 $a991003839729707536 945 $aLE008 TS A VII 42$g1$i2008000372354$lle008$o-$pE0.00$q-$rl$s- $t0$u0$v0$w0$x0$y.i14764477$z28-05-08 945 $aLE002 It. XVIII N 24$g1$i2002000650474$lle002$o-$pE0.00$q-$rl$s- $t0$u0$v0$w0$x0$y.i10644386$z27-06-02 996 $aPasque$9236456 997 $aUNISALENTO 998 $ale008$ale002$b01-01-01$cm$da $e-$fita$git $h0$i2